000
00400nam a22001697a 4500
003
MPLRDC
005
20220104123747.0
008
210129b ||||| |||| 00| 0 eng d
082
_a
414.8 ZGL v.2
100
_a
张公让编著
245
_a
公让选方. 第二集
_c
250
_a
初版
260
_a
_b
张公让诊所
_c
1956
300
_b
平
650
_a
医话
942
_c
BK
_o
414.8 ZGL v.2
999
_c
13982
_d
13972